Ismét együtt szavalt a város

Bibliographic Details
Format: Article
Language:Hungarian
Slovak
PhysicalDescription:Fotogr.
ISSN:1338-9068
Subjects:

MARC

LEADER 00000nab a2200000 a 4500
001 vtls011633240
003 SK-MaSNL
005 20260318132812.0
008 170529|2017 xo m| 000 02hun
015 |a SNBRB2017/05 
038 |a DSZK 
040 |a DSZK  |b slo  |c DSZK  |e AACR2 
041 0 |a hun  |a slo 
044 |a xo  |c SK 
080 |a 82-1  |2 2011 
245 0 0 |a Ismét együtt szavalt a város  |c [szerző] (ti) 
300 |b Fotogr. 
546 |a Dvojjazyčné vydanie 
611 2 7 |a Deň poézie  |d (2017 :  |c Šamorín, Slovensko)  |2 dszk  |9 1194719 
648 7 |a 2017  |2 dszk  |9 347966 
650 0 7 |a podujatia  |2 dszk  |9 405652 
651 7 |a Šamorín (Slovensko)  |2 SNKPH  |9 28925 
773 0 |t Somorja és vidéke=Šamorín a okolie  |g Évf. XXVII, sz. 5 (2017), o. 5  |x 1338-9068 
852 |a DSZK  |b KIS3GCP 
958 |a SK 
958 |a HU 
999 |c 2079113  |d 2081043